| 000 | 01122nam a22001457a 4500 | ||
|---|---|---|---|
| 999 |
_c524777 _d524777 |
||
| 008 | 240117b ||||| |||| 00| 0 eng d | ||
| 100 |
_aSingh, Mandeep _948108 |
||
| 245 | _aOf military history and war diaries | ||
| 260 | _aU.S.I. Journal | ||
| 300 | _a153(633), Jul-Sep, 2023: p.383-389 | ||
| 520 | _aThe study of military history is as old as the history of mankind itself. Earlier the accounts of battles and wars were recorded in the form of epics and ballads. The forms of recording military accounts and events evolved with time, with war diaries being used as the primary source for writing of military history since the turn of the twentieth century. As the military histories are used to examine the past and make decisions about the future, it is essential that these are written honestly. Timely and honest generation and maintenance of war diaries is essential so that not only the military histories are written correctly but the right lessons are learnt from them.- Reproduced https://www.usiofindia.org/pdf/20231019144718.pdf | ||
| 773 | _aU.S.I. Journal | ||
| 906 | _aDEFENCE | ||
| 942 | _cAR | ||